| 000 | 00403nam a22001697a 4500 | ||
|---|---|---|---|
| 005 | 20250411130202.0 | ||
| 008 | 250411b |||||||| |||| 00| 0 eng d | ||
| 020 | _a9780826454072 | ||
| 050 |
_aHD 30.213 LUC _b1 |
||
| 100 | _aLUCY,T | ||
| 245 | _aManagement information systems | ||
| 250 | _a8th | ||
| 260 |
_aAustralia _bThomson _c1997c |
||
| 300 | _av,282p | ||
| 500 | _aindex, | ||
| 942 |
_2lcc _cBK _n0 |
||
| 999 |
_c5418 _d5418 |
||